| 000 | 01494nam a2200385 a 4500 | ||
|---|---|---|---|
| 001 | howtomakepaperca00pind | ||
| 003 | CaSfIA | ||
| 005 | 20210118101410.0 | ||
| 007 | cr|||| | ||
| 008 | 950606s1994 enka 001 0 eng | ||
| 040 |
_aUKM _cUKM _dNZGPL _dCaSfIA |
||
| 015 | _aGB95-35270 | ||
| 020 | _a0855327812 (pbk) | ||
| 020 | _a9780855327811 (pbk) | ||
| 035 | _a(OCoLC)32747414 | ||
| 050 | 4 |
_aTT870 _b.P648 1994 |
|
| 082 | 0 | 0 |
_a745.54 _220 |
| 082 | 0 | 4 |
_a745.593 _220 |
| 100 | 1 |
_aPinder, Polly, _d1948- |
|
| 245 | 1 | 0 |
_aHow to make paper candle-shades / _h[electronic resource] _cPolly Pinder. |
| 260 |
_aTunbridge Wells : _bSearch Press, _c1994. |
||
| 300 |
_a48 p. : _bill. (some col.) ; _c26 cm. |
||
| 500 | _aIncludes index. | ||
| 650 | 0 | _aPaper work. | |
| 650 | 0 | _aLanterns. | |
| 653 | 0 |
_aHandicrafts _aUse of _aPaper |
|
| 029 | 0 |
_aUKM _bb9535270 |
|
| 029 | 1 |
_aNZ1 _b4756025 |
|
| 029 | 1 |
_aAU@ _b000011159294 |
|
| 856 | 4 | 1 |
_uhttp://www.archive.org/details/howtomakepaperca00pind _zFree eBook from the Internet Archive |
| 856 | 4 | 2 |
_uhttp://www.openlibrary.org/books/OL24210093M _zAdditional information and access via Open Library |
| 942 | _cEB | ||
| 506 | _fНеобхідна авторизація на https://archive.org/ (створення облікового запису безкоштовно) | ||
| 506 | _fНеобхідна авторизація на https://openlibrary.org/ (створення облікового запису безкоштовно) | ||
| 999 |
_c508884 _d508884 |
||